000 00622nam a2200181Ia 4500
008 090630s9999 xx 000 0 und d
082 _b4637
100 _aनिसळ शांता.
245 _aसौभाग्य कांक्षणिी.
_cनिसळ शांता.
260 _bकॉन्टीनेंटल.
300 _a58
600 _aनिसळ शांता.
630 _aसौभाग्य कांक्षणिी.
655 _aनाटक.
700 _aनिसळ शांता.
730 _aसौभाग्य कांक्षणिी.
942 _cBOOK
999 _c256493
_d256493